| 000 | 01193nam a22003017a 4500 | ||
|---|---|---|---|
| 001 | BR9000078 | ||
| 003 | BR-BrBNA | ||
| 005 | 20230928093341.0 | ||
| 007 | ta | ||
| 008 | 230509b bl.||||| |||| 00| 0 por d | ||
| 040 |
_aBR-BrBNA _bpor _cBiblioteca Nacional de Agricultura |
||
| 041 | _a(Por) | ||
| 072 |
_aH20 _b0336 _b4120 |
||
| 090 | _ 0336 BR9000078 | ||
| 100 | 1 | _aGuzzo, S.D. | |
| 110 | 1 |
_aEscola Superior de Agricultura Luiz de Queiroz, Piracicaba, SP (Brasil) _0Tese (Mestrado) |
|
| 245 | 1 | _aElicitacao da fitoalexina gliceolina em cotiledones de soja (Glycine max (L.)Merrill)por polissacarideos extracelulares de urediniosporos de Hemileia vastatrix Berk. et Br. | |
| 246 | 1 | _aElicitation of the phytoalexin glyceollin in soybean cotyledons (Glycine max (L.)Merrill)by extracellular polysaccharides from uredinospores of Hemileia vastatrix Berk. et Br. | |
| 260 | 3 |
_aPiracicaba, SP (Brasil): _c1989. |
|
| 300 | _a152 p. | ||
| 500 | _aSummaries (Eng, Por); Bibliography p. 137-152 (108 ref.); 18 tables; 7 illus. | ||
| 650 | _aSOJA | ||
| 650 | _aDOENCA DE PLANTA | ||
| 650 | _aALEXINA | ||
| 650 | _aBIOSSINTESE | ||
| 909 |
_a202309 _bLucia _c55 _dLucia Elande |
||
| 942 | _cBK | ||
| 999 |
_c44474 _d44474 |
||